000 02952nam a22003017a 4500
003 UA-OsUOA
001 69613
007 ta
008 20100701b un ||||| |||| 00| 0 ukr d
100 _aЧервоткин А. С.
090 _a343.155.(470+571)
_bЧ-45
942 _cBK
040 _aUA-OsUOA
_brus
_cUA-OsUOA
_dUA-OsUOA
245 _aАпелляция и кассация
_bпособие для судей
300 _a336 с.
955 _a2
041 _arus
080 _a343.155.(470+571)
020 _a978-5-392-00882-7
520 3 _aНастоящая книга подготовлена на основе новейшей судебной практики Верховного Суда РФ с учетом последних изменений законодательства, постановлений и опредилений Конституционного Суда РФ, решений Европейского суда по правам человека, руководящих постано
520 3 _aвлений Пленума Верховного Суда РФ. В ней в систематизированном виде рассматриваются теоретические и практические вопросы решения уголовных дел судами апелляционной и кассационной инкасаций, даются рекомендации по составлению текстов судебних документо
520 3 _aв.Для судей, их помошников, консультантов, других работников судебной системы, адвокатов, сотрудников органов следствия и прокуратури, а также студентов, аспирантов, преподавателей и научных работников. Книга может быть использована в учебном процес
520 3 _aсе юридических вузов, факультетов и отделений.ОглавлениеГлава 1. Сущность и предмет производства в суде второй инкасакции.Глава 2. Апелляционное и кассационное обжалование судебных решений.Глава 3. Кассационный порядок рассмотрение уголовных д
520 3 _aел. Глава 4. Особенности апелляционного рассмотрения уголовных дел.Глава 5. Основания отмены или изменемнмя судебного решения в апелляционном и кассационном порядке.Приложения.
260 _aМ.
_bПроспект
_c2010
650 7 _a343 Кримінальне право. Карні порушення
_2UDC
999 _c355882
_d355882